000 00441pam a2200157a 44500
008 230515b2012 xxu||||| |||| 00| 0 eng d
020 _aNULL
041 _aENGLISH
082 _aND
100 _aMS REMIYA MOHAN
245 _aA STUDY TO ASSESS THE COPING STRATEGIES ADOPTED AMONG CHILDREN WITH IMPATRED HEARING IN SELECTED DEAF SCHOOLS OF PUNE CITY
250 _a0
260 _a
_bDR D Y PATIL
_c2012
300 _a120
650 _aNULL
999 _c531023
_d531023